000 01108cam a22002893a 4500
001 2448
003 PGUSA
005 20140828083015.0
008 001201s2000||||xxu|||||s|||||000 | eng d
040 _aPGUSA
_beng
042 _adc
050 4 _aU
100 1 _aFlipper, Henry Ossian,
_d1856-1940
245 1 0 _aHenry Ossian Flipper, the Colored Cadet at West Point :
_bAutobiography of Lieut. Henry Ossian Flipper, U.S.A., First Graduate of Color from the U.S. Military Academy
_h[electronic resource] /
_cHenry Ossian Flipper
260 _bProject Gutenberg,
_c2000
506 _aPublic domain in the USA.
516 _aElectronic text
653 _aAfrican American soldiers -- Biography
653 _aFlipper, Henry Ossian, 1856-1940
653 _aMilitary cadets -- United States -- Biography
653 _aUnited States Military Academy
653 _aSoldiers -- United States -- Biography
653 _aAfrican American military cadets -- New York (State) -- West Point -- Biography
830 0 _aProject Gutenberg
_v2448
856 4 0 _uhttp://www.gutenberg.org/ebooks/2448
942 _cEB
999 _c231785
_d231785